000
00306nam a2200121Ia 4500
008
220204s9999 xx 000 0 und d
020
_a
9739385992087
082
_a
82-94
_b
PIL
100
_a
Pillai, Suresh C
245
0
_a
Thanmathram (Malayalam)
260
_a
Kottayam
_b
Tamara Publishers;2016
942
_c
BK
999
_c
44747
_d
44747